000 01523nam a2200349Ia 4500
001 ebr10055483
003 CaPaEBR
006 m u
007 cr cn|||||||||
008 880817s1988 dcu s 001 0 eng d
010 _z 88012580
020 _z0309038472
020 _z0309038464 (pbk.)
040 _aCaPaEBR
_cCaPaEBR
035 _a(OCoLC)43477219
050 1 4 _aR856.A2
_bN495 1988eb
245 0 0 _aNew medical devices
_h[electronic resource] :
_binvention, development, and use /
_cKaren B. Ekelman, editor.
260 _aWashington, D.C. :
_bNational Academy Press,
_c1988.
300 _axvi, 186 p.
490 1 _aSeries on technology and social priorities
500 _aAt head of title: National Academy of Engineering; Institute of Medicine.
500 _aBased on a symposium held at the National Academy of Sciences, Washington, D.C., Mar. 9-10, 1987.
500 _aIncludes index.
533 _aElectronic reproduction.
_bPalo Alto, Calif. :
_cebrary,
_d2009.
_nAvailable via World Wide Web.
_nAccess may be limited to ebrary affiliated libraries.
650 0 _aMedical instruments and apparatus
_xEvaluation
_vCongresses.
650 0 _aMedical innovations
_xEconomic aspects
_vCongresses.
655 7 _aElectronic books.
_2local
700 1 _aEkelman, Karen B.
710 2 _aebrary, Inc.
830 0 _aSeries on technology and social priorities.
856 4 0 _uhttp://site.ebrary.com/lib/rucke/Doc?id=10055483
_zAn electronic book accessible through the World Wide Web; click to view
999 _c64237
_d64237